| 000 | 02153cam a2200373 a 4500 | ||
|---|---|---|---|
| 001 | 14167372 | ||
| 005 | 20070116105633.0 | ||
| 008 | 051114s2006 enk | b 001 0 eng d | ||
| 010 | _a 2005031649 | ||
| 015 |
_aGBA636446 _2bnb |
||
| 016 | 7 |
_a013437331 _2Uk |
|
| 020 | _a0754650006 (alk. paper) | ||
| 020 | _a9780754650003 | ||
| 035 | _a(OCoLC)ocm62330608 | ||
| 040 |
_aDLC _cDLC _dBAKER _dUKM _dBWKUK _dYDXCP _dOCLCQ _dDLC |
||
| 043 | _ae-uk--- | ||
| 050 | 0 | 0 |
_aDA560 _b.M625 2006 |
| 082 | 0 | 0 |
_222 _a320.94254209034 _bMOO |
| 100 | 1 |
_aMoore, James R., _d1972- _914388 |
|
| 245 | 1 | 4 |
_aThe Transformation of Urban Liberalism : _bParty Politics and Urban Governance in Late Nineteenth-Century England / _cJames R. Moore. |
| 260 |
_aAldershot, England : _bAshgate Pub. Co., _cc2006. |
||
| 300 |
_axii, 323 p. ; _c24 cm. |
||
| 440 | 0 |
_aHistorical urban studies _914389 |
|
| 504 | _aIncludes bibliographical references (p. [301]-316) and index. | ||
| 505 | 0 | _aThe rise of Manchester radicalism -- Leicester liberalism : an uneasy alliance -- Manchester and the home rule crisis -- Leicester : unionism marginalised? -- Municipal scandals and realignment -- The "politicisation" of the town hall -- Manchester's suburban radicalism -- Incorporation : an agent of radicalism? -- Manchester and the rise of progressivism -- The Labour challenge in Leicester. | |
| 610 | 2 | 0 |
_aLiberal Party (Great Britain) _xHistory _y19th century. _914390 |
| 650 | 0 |
_aLiberalism _zGreat Britain _xHistory _y19th century. _914391 |
|
| 650 | 0 |
_aMunicipal government _zGreat Britain _xHistory _y19th century. _914392 |
|
| 651 | 0 |
_aGreat Britain _xPolitics and government _y1837-1901. _914393 |
|
| 856 | 4 | 1 |
_3Table of contents _uhttp://www.loc.gov/catdir/toc/ecip063/2005031649.html |
| 942 |
_2ddc _cBB |
||
| 999 |
_c14026 _d14026 |
||